MARC

LEADER 00000nam0a2200000 4500
001 336114
005 20231102004825.0
020 |a RU  |b 88-31057 
035 |a (RuTPU)RU\TPU\book\362530 
090 |a 336114 
100 |a 20171010d1987 m y0rusy5003 ca 
101 0 |a rus 
102 |a RU 
105 |a a j 001zy 
200 1 |a Элементы математического анализа. (Множества и операции над ними. Элементы математической логики)  |e учебное пособие  |f Н. П. Комов  |g Ярославский государственный педагогический институт им. К. Д. Ушинского (ЯГПИ) 
210 |a Ярославль  |c Изд-во ЯГПИ  |d 1987 
215 |a 104 с.  |c ил. 
320 |a Библиогр.: с. 100 
606 |a Математический анализ  |2 stltpush  |3 (RuTPU)RU\TPU\subj\41236  |9 61042 
610 1 |a множества 
610 1 |a операции 
610 1 |a отношения 
610 1 |a точка 
610 1 |a прямая 
610 1 |a координаты 
610 1 |a декартово произведение 
610 1 |a комбинаторика 
610 1 |a математическая логика 
610 1 |a высказывания 
610 1 |a предикаты 
610 1 |a теоремы 
610 1 |a учебные пособия 
675 |a 517(075.3)  |v 3 
700 1 |a Комов  |b Н. П.  |g Николай Павлович 
712 0 2 |a Ярославский государственный педагогический институт им. К. Д. Ушинского (ЯГПИ)  |c (1924-1993)  |2 stltpush  |3 (RuTPU)RU\TPU\col\19052 
801 0 |a RU  |b RuMRKP  |c 19950417  |g psbo 
801 1 |a RU  |b 63413507  |c 20171010 
801 2 |a RU  |b 63413507  |c 20171025  |g RCR 
942 |c BK